000 00641nam a2200253Ia 4500
003 OSt
005 20221005122232.0
006 a|||||r|||| 00| 0
007 ta
008 221004b |||||||| |||| 00| 0 tam d
024 _a48746
037 _cTextual
040 _aCRL
_cCRL
_btam
041 _2tam
_atam
082 _aO31,1NTHEx, L4.1
100 _aDevaneyan Au.
_9229675
245 0 _aIsaithamizhkkalampakam
260 _c1974
300 _a248p.
_ccm.
650 _a TAMIL POETRY
650 _aTAMIL LITERATURE
942 _hO31,1NTHEx, L4.1
_cTEXL
_2cc
999 _c1043696
_d1043696